000
00282nam a22001097a 4500
008
160519b xxu||||| |||| 00| 0 eng d
020
_a
0805379525
041
_a
eng
080
_a
612.39
245
_a
Nutrition: An applied approach:
_c
Janice Thompson; Melinda Manore;
942
_2
udc
_c
BK
999
_c
2229
_d
2229